K padesátinám RNDr. PhMr. Jiřího Etzlera

Bibliographic Details
Main Author: Voženílek, L. (Author)
Format: Article
Language:Slovak
Czech
Subjects:

MARC

LEADER 00000nab a2200000 a 4500
001 vtls000003540
003 SK-MaSNL
005 20260304054005.0
008 250422c1978 xo 0 slo
015 |a SNBRB19rr/mm-uuuuu 
035 |a CL0013633 
035 |a urn:nbn:sk:snk-ab1oeb 
035 |a (urnnbn)urn:nbn:sk:snk:ar-004qy6 
035 |a (uuid)6f8e843a-a4be-4f59-b7e6-1047092be87f 
040 |a SNKBUCL  |b slo  |c SNKBUCL  |e AACR2 
041 0 |a cze 
044 |a xo  |c SK 
080 |a 615.1  |2 1981 
080 |a 92 Etzler, Jiří  |2 1981 
100 1 |a Voženílek, L.  |4 aut  |9 1126827 
245 1 0 |a K padesátinám RNDr. PhMr. Jiřího Etzlera  |c L. Voženílek 
650 0 7 |a Etzler, Jiří  |2 snkbucl  |9 1338702 
655 7 |a články z novín a časopisov  |2 snkbucl  |9 267496 
773 0 |t Farmaceutický obzor  |g Roč. 47, č. 6 (1978), s. 284-285 
850 |a Slovenská národná knižnica 
852 |a Slovenská národná knižnica 
954 |a odborná, vedecká literatúra cudzojazyčná (svetová)  |2 lita 
954 |a odborná, vedecká literatúra pôvodná (slovenská)  |2 lita 
958 |a article27 
958 |a OND 
958 |a RK 
958 |a MI 
958 |a EUIPO 
992 |a RBX 
999 |c 2716396  |d 2718326